000
00318nam a22001457a 4500
008
210528b ||||| |||| 00| 0 eng d
020
_a
0471619965
041
_a
eng
080
_a
541
082
_a
541
100
_a
12
101
_a
KIM
245
_a
Microscale Inorganic Chemistry
_c
Zvi Szafran
942
_2
udc
_c
BK
999
_c
57801
_d
57801